000 00369nam a2200157Ia 4500
008 230917s9999||||xx |||||||||||||| ||und||
040 _e71887
_aMAIN
041 _aEnglish
082 _a658.8 B175M
100 _aBaker, Michael J, ed.
245 0 _aMarketing book
250 _a4th ed.
260 _aNew Delhi
_bViva Books
_c2000
300 _a718 p.
942 _cBK
999 _c111795
_d111795